Регионална библиотека "Любен Каравелов" - Русе

Шивачката (Запис номер 133160)

MARC детайли
000 -Лидер
Контролно поле с фиксирана дължина 01558nam a2200361 c 4500
003 - Код на организацията, давaща контролен номер
Контролно поле BLK
005 - Дата и час на последна редакция
Контролно поле 20250801084719.0
008 - Елементи от данни с фиксирана дължина
fixed length control field 180409b bul|||||r ||||||| ||bul||
010 ## - Наследен системен номер
LC control number KNG00139050000
020 ## - Международен стандартен номер на книга ISBN
Международен стандартен номер на книга ISBN 978-954-769-292-3
-- издат.: Обсидиан
040 ## - Източник на каталожния запис
Идентификатор на билиотеката - собственик на записа BLK
041 ## - Код за език
Код за езика на текст/звукозапис или на отделно заглавие Български
Код за езика КДБФ Български
072 #7 - Код за тематичната категория
Код организация bullib
Код за тематична категория Н83
Текст Чужда художествена литература Н
080 ## - УДК
Текстов определител УДК Американска литература (на САЩ)
УДК код - определител по УДК 821.111(73)
УДК определител -31
УДК - код + определител 821.111(73)-31
100 1# - Редна дума - Автор
Автор Алкот, Кейт
Авторска отговорност първи автор
Автор - информация (биография) О'Брайън, Патрисия
R(LIN) 30873
139 ## - Редно поле
Редна дума Алкот, Кейт
Авторски знак Алк - А 55
245 10 - Сведения за заглавието
Заглавие Шивачката
Подзаглавни данни Роман
Редно поле (дума) Кейт Алкот; прев. от англ. Красимира Абаджиева; * Патрисия О'Брайън.
257 ## - Страна на издаване
Страна на създаване/издаване Съединени американски щати
260 ## - Област на издателските данни
-- София
Име на издателя, разпространителя и проч. Обсидиан
Година на издаване 2012
Печатница В. Търново : Абагар
300 ## - Физическа характеристика
Страници 304 с.
Размери/Мащаб 20 см
380 ## - Жанр
Жанр Худож. лит.
500 ## - Общи забележки
Забележка Ориг. загл. The Dressmaker / Kate Alcott. - Кейт Алкот - е псевд. на Патрисия О'Брайън.
653 ## - Ключова дума – ненормативна
Ключова дума романи
659 ## - Тематичен бюлетин
Тематичен бюлетин Н
700 1# - Други автори (авторска отговорност)
Лично име Абаджиева, Красимира
Автороска отговорност (Описва отношението между автора и произведението) прев. от англ.
9 (RLIN) 363340
700 1# - Други автори (авторска отговорност)
Лично име О'Брайън, Патрисия
Автороска отговорност (Описва отношението между автора и произведението) *
9 (RLIN) 323640
852 ## - Местоположение
Форматна сигнатура Цб 258171
856 4# - Електронен адрес и достъп
Електронен формат pdf - файл
Път до файла /url/
856 4# - Електронен адрес и достъп
Електронен формат pdf - файл
Път до файла /url/
942 ## - АРТИКУЛИ
Вид на библиотечния материал Книги
Скрит в OPAC Не
Koha issues (borrowed), all copies 43
944 ## - СЪЗДАВАНЕ И РЕДАКЦИЯ на ЗАПИСА
Създаване/Редакция Създаване
Дата на регистрацията/редакция 06.02.2013
Статус, дата на статуса Нора Радева
Служител, извършил регистрацията/редакцията 30545
944 ## - СЪЗДАВАНЕ И РЕДАКЦИЯ на ЗАПИСА
Създаване/Редакция Редакция
Дата на регистрацията/редакция 02.06.2016
Статус, дата на статуса ф /
Служител, извършил регистрацията/редакцията Виолета_Тройчева
999 ## - СИСТЕМНИ КОНТРОЛНИ НОМЕРА
Koha biblionumber 133160
Koha biblioitemnumber 133160
Наличности
Код за отписване Код за изгубен артикул Код за повреда Коз за рестрикции Код за отдаване Артикулен № Име на библиотеката - собственик Име на библиотеката, в която се намира в момента Статус (Текущо местоположение) Дата на вписване в системата Местоположение - отдел Цена в лева Инвентарен номер Систематично азбучна сигнатура Баркод Номер на екземпляра Цена в евро Служебна бележка Служебен тип на артикула Източник на класификационната схема
Изтеглен Не е изгубен Не е повреден без рестрикции заемане за дома 217207 Регионална библиотека "Любен Каравелов" Русе Регионална библиотека "Любен Каравелов" Русе Заемна - подръчен фонд 2013-02-07 Заемна - подръчен фонд 15.00 120000763542 П 820(73)-31/А 55 120000763542 1 7.67 Дост: DA Вид: А N: 1 Дата: 07.02.2013 Дата инв: 10.03.2018 Бележки инв: П2018 Книги  
  Не е изгубен Не е повреден без рестрикции заемане за дома 217208 Регионална библиотека "Любен Каравелов" Русе Регионална библиотека "Любен Каравелов" Русе Заемна - подръчен фонд 2013-02-07 Заемна - подръчен фонд 15.00 120000763543 П 820(73)-31/А 55 120000763543 2 7.67 Дост: DA Вид: А N: 1 Дата: 07.02.2013 Дата инв: 15.02.2018 Бележки инв: П2018 Книги Universal Decimal Classification
  Не е изгубен Не е повреден без рестрикции ползва се в читалня 217209 Регионална библиотека "Любен Каравелов" Русе Регионална библиотека "Любен Каравелов" Русе Хранилище 2014-08-22 Хранилище 15.00 120000779821 Цб 258171 120000779821 3 7.67 Дост: Dp Вид: Д N: 45 Дата: 01.11.2013 Книги  
Vip Innovations Ltd, Rousse, Bulgaria 2025